000 00845nas a2200301 4500
001 BR2015001305
003 BR-BrBNA
005 20231205125135.0
007 ta
008 230509b bl.|||p| |||| 00| 00por d
040 _aBR-BrBNA
_bpor
_cBiblioteca Nacional de Agricultura
041 _a(Pt)
072 _aH10
100 1 _aSouza, J.C. de
100 1 _aReis, P.R.
100 1 _aSilva, R.A.
100 1 _aCarvalho, T.A.F. de
100 1 _aPereira, A.B.
245 1 _aControle químico da broca-do-café com cyantraniliprole
650 _aCAFÉ
650 _aBROCA
650 _aCONTROLE QUIMICO
650 _aINSETICIDA
650 _aPULVERIZAÇÃO
773 0 _tCoffee Science (Brazil)
_xISSN 1809-6875
_g(Oct-Dec 2013), v. 8(4) p.404-410
_wBR2015001305
909 _a202311
_bLúcia
_c55
_dLúcia Elande
942 _2AGRIS
_n0
_cANA
999 _c242864
_d242864